000 00377nam a22001457a 4500
082 _a691
_bRAJ
_cL-14, P-22
100 _aRajaraman, S
_939385
245 _aBuilding materials
_cS. Rajaraman
250 _a9th
260 _aIndia
_bST. Joseph's Press, Trivandrum
300 _a284 p. :
526 _a0
_b0
_c0
_d691_000000000000000_RAJ
650 _aMCE
_9379
942 _2ddc
_cBK
999 _c549046
_d549046